000 00997nam a2200181 a 4500
001 45369
005 20180714024536.0
008 140415s2003 mx 000 0 spa d
020 _a9703503012
041 _aspa
082 _a001.44
_bPRE
245 0 0 _aPREMIO NACIONAL DE CIENCIAS Y ARTES 2002
250 _a1a ed.
260 _aMEXICO :
_bSECRETARIA DE EDUCACION PUBLICA,
_c2003
300 _a129
_c21 x 1.5 x 21
520 _aDESDE HACE MÁS DE MEDIO SIGLO, EL ESTADO MEXICANO HA OTORGADO EL PREMIO NACIONAL DE CIENCIAS Y ARTES A LAS MEXICANAS Y LOS MEXICANOS QUE POR MÉRITOS PROPIOS SE HICIERON MERECEDORES DE TAL DISTINCIÓN. CON LA PUBLICACIÓN DE ESTA MEMORIA, SE CUMPLE CON LA GRATA LABOR DE DEJAR TESTIMONIO PERMANENTE DE SUS NOTABLES APORTACIONES EN LAS DIVERSAS RAMAS DE LA CIENCIA Y LA TECNOLOGÍA, DE LA CULTURA Y LAS ARTES, Y DE LAS TRADICIONES POPULARES, DONDE SE CONJUGAN ESFUERZO Y DEDICACIÓN COMO EJEMPLO
650 1 4 _aPREMIOS
_xNACIONAL DE CIENCIAS Y ARTES
999 _c45369
_d45369